000 00893nam a2200265 i 4500
001 132106
003 ES-MaACL
005 20251116063107.0
007 t|
008 070214s1986 sp |||| | spa d
020 _a84-206-1200-6
080 _a821.134.2-21"15"
100 1 _aRojas, Fernando de,
_dca. 1470-1541
_999042
240 1 3 _aLa Celestina
245 1 3 _aLa Celestina
_b: tragicomedia de Calisto y Melibea /
_cFernando de Rojas ; introducción de Stephen Gilman ; edición y notas de Dorothy S. Severin.
250 _a1ª ed., 11ª reimp.
260 _aMadrid :
_bAlianza Editorial,
_c1986.
300 _a272 p. ;
_c18 cm.
490 1 _aEl libro de bolsillo ;
_v200
700 1 _aGilman, Stephen.
_956997
700 1 _aSeverin, Dorothy Sherman.
_9105917
830 1 3 _aEl libro de bolsillo
_v200
_9177802
852 _aES-MaACL
_jL-11310
999 _c132106
_d132106